| 000 | 00369nam a2200145Ia 4500 | ||
|---|---|---|---|
| 008 | 230917s9999||||xx |||||||||||||| ||und|| | ||
| 040 |
_e99501 _aMAIN |
||
| 041 | _aEnglish | ||
| 082 | _a657.48 T951F | ||
| 100 | _aTyagi, C L | ||
| 245 | 0 | _aFinancial and management accounting. 2V | |
| 260 |
_aNew Delhi _bAtlantic Publishers _c2003 |
||
| 300 | _a560 p. | ||
| 942 | _cBK | ||
| 999 |
_c117567 _d117567 |
||